000 00559nam a2200217 a 4500
999 _c5307
_d5307
001 5307
003 BD-JhCC
005 20171212165014.0
008 171212s2007 bg a|||| ||a| 000 0 eng d
035 _a(BD-JhCC) 5307
040 _aBD-JhCC
_dBD-JhCC
041 _aeng
082 _a620.42
_bJAB 2007
100 _aJabbar, M.A.
245 _aHigher Secondary Mechanics & Discrete Mathematics /
_c M.A. Jabbar
260 _aDhaka :
_bSaiful Book House ,
_c2007
300 _a214 p .:
_c23 cm .
650 _aMachanics
942 _2ddc
_cBK